[Event "DEM U14 2025"]
[Site "Willingen GER"]
[Date "2025.06.11"]
[Round "5"]
[White "Haustein, Henry"]
[Black "Lee, Ho In"]
[Result "1-0"]
[Termination "normal"]
[Board "17"]
[WhiteElo "1683"]
[BlackElo "1868"]
[WhiteClock "00:35:55"]
[BlackClock "00:28:58"]
[PlyCount "85"]
[WhiteFideId "533043817"]
[BlackFideId "34623655"]
[EventCountry "GER"]
[EventRounds "9"]
[EventType "swiss"]
[EventDate "2025.06.07"]

1. e4 {[%clk 01:30:54]} {[%emt 00:00:05]} c5 {[%clk 01:30:55]} {[%emt
00:00:05]} 2. Nf3 {[%clk 01:31:20]} {[%emt 00:00:04]} d6 {[%clk 01:31:21]}
{[%emt 00:00:05]} 3. d4 {[%clk 01:31:44]} {[%emt 00:00:05]} cxd4 {[%clk
01:31:45]} {[%emt 00:00:06]} 4. Qxd4 {[%clk 01:32:09]} {[%emt 00:00:05]} Nc6
{[%clk 01:31:16]} {[%emt 00:00:59]} 5. Bb5 {[%clk 01:31:10]} {[%emt 00:01:29]}
Bd7 {[%clk 01:31:11]} {[%emt 00:00:36]} 6. Qd3 {[%clk 01:31:31]} {[%emt
00:00:09]} Nf6 {[%clk 01:30:03]} {[%emt 00:01:38]} 7. c4 {[%clk 01:31:51]}
{[%emt 00:00:10]} g6 {[%clk 01:29:11]} {[%emt 00:01:22]} 8. Nc3 {[%clk
01:32:11]} {[%emt 00:00:09]} Bg7 {[%clk 01:29:29]} {[%emt 00:00:11]} 9. O-O
{[%clk 01:32:31]} {[%emt 00:00:10]} O-O {[%clk 01:29:18]} {[%emt 00:00:41]} 10.
h3 {[%clk 01:32:52]} {[%emt 00:00:09]} a6 {[%clk 01:26:57]} {[%emt 00:02:52]}
11. Bxc6 {[%clk 01:33:13]} {[%emt 00:00:09]} Bxc6 {[%clk 01:27:21]} {[%emt
00:00:06]} 12. Nd4 {[%clk 01:33:35]} {[%emt 00:00:07]} Be8 {[%clk 01:27:14]}
{[%emt 00:00:37]} 13. Be3 {[%clk 01:33:21]} {[%emt 00:00:44]} Rc8 {[%clk
01:27:10]} {[%emt 00:00:34]} 14. b3 {[%clk 01:32:32]} {[%emt 00:01:20]} Qa5
{[%clk 01:25:11]} {[%emt 00:02:28]} 15. Rac1 {[%clk 01:25:33]} {[%emt
00:07:30]} Bd7 {[%clk 01:22:00]} {[%emt 00:03:41]} 16. Rc2 {[%clk 01:24:39]}
{[%emt 00:01:25]} Bc6 {[%clk 01:10:49]} {[%emt 00:11:41]} 17. f3 {[%clk
01:23:20]} {[%emt 00:01:49]} Nd7 {[%clk 00:56:30]} {[%emt 00:14:48]} 18. Qd2
{[%clk 01:10:40]} {[%emt 00:13:10]} Qc7 {[%clk 00:51:35]} {[%emt 00:05:24]} 19.
Nd5 {[%clk 01:08:08]} {[%emt 00:03:04]} Bxd5 {[%clk 00:47:42]} {[%emt
00:04:22]} 20. cxd5 {[%clk 01:06:45]} {[%emt 00:01:53]} Qb8 {[%clk 00:48:04]}
{[%emt 00:00:08]} 21. Rfc1 {[%clk 01:03:12]} {[%emt 00:04:03]} Rfe8 {[%clk
00:45:36]} {[%emt 00:02:56]} 22. b4 {[%clk 00:55:22]} {[%emt 00:08:23]} Bf6
{[%clk 00:34:38]} {[%emt 00:11:27]} 23. Nb3 {[%clk 00:52:06]} {[%emt 00:03:46]}
b5 {[%clk 00:28:23]} {[%emt 00:06:45]} 24. Na5 {[%clk 00:43:24]} {[%emt
00:09:12]} Nb6 {[%clk 00:23:19]} {[%emt 00:05:34]} 25. Rxc8 {[%clk 00:39:14]}
{[%emt 00:04:40]} Rxc8 {[%clk 00:16:00]} {[%emt 00:07:49]} 26. Rxc8+ {[%clk
00:39:35]} {[%emt 00:00:09]} Nxc8 {[%clk 00:16:26]} {[%emt 00:00:04]} 27. Qc2
{[%clk 00:30:18]} {[%emt 00:09:47]} Qa8 {[%clk 00:16:20]} {[%emt 00:00:36]} 28.
Qc7 {[%clk 00:27:56]} {[%emt 00:02:52]} Kg7 {[%clk 00:15:40]} {[%emt 00:01:09]}
29. Nc6 {[%clk 00:27:04]} {[%emt 00:01:24]} h5 {[%clk 00:13:28]} {[%emt
00:02:43]} 30. f4 {[%clk 00:22:58]} {[%emt 00:04:35]} Bc3 {[%clk 00:11:12]}
{[%emt 00:02:45]} 31. Kf2 {[%clk 00:19:08]} {[%emt 00:04:22]} Kf6 {[%clk
00:08:36]} {[%emt 00:03:05]} 32. Kf3 {[%clk 00:18:46]} {[%emt 00:00:52]} e6
{[%clk 00:06:44]} {[%emt 00:02:22]} 33. g4 {[%clk 00:18:32]} {[%emt 00:00:44]}
exd5 {[%clk 00:06:08]} {[%emt 00:01:06]} 34. exd5 {[%clk 00:18:53]} {[%emt
00:00:09]} hxg4+ {[%clk 00:06:24]} {[%emt 00:00:14]} 35. hxg4 {[%clk 00:17:39]}
{[%emt 00:01:43]} Kg7 {[%clk 00:06:24]} {[%emt 00:00:30]} 36. g5 {[%clk
00:16:36]} {[%emt 00:01:34]} Kf8 {[%clk 00:00:37]} {[%emt 00:06:16]} 37. Ke4
{[%clk 00:15:28]} {[%emt 00:01:39]} Bb2 {[%clk 00:00:31]} {[%emt 00:00:36]} 38.
Nd8 {[%clk 00:14:27]} {[%emt 00:01:31]} Ne7 {[%clk 00:00:31]} {[%emt 00:00:31]}
39. Qxd6 {[%clk 00:14:37]} {[%emt 00:00:19]} Ke8 {[%clk 00:00:32]} {[%emt
00:00:29]} 40. Nc6 {[%clk 00:12:57]} {[%emt 00:02:11]} Nf5 {[%clk 00:00:34]}
{[%emt 00:00:28]} 41. Qc7 {[%clk 00:11:40]} {[%emt 00:01:47]} Kf8 {[%clk
00:29:12]} {[%emt 00:01:52]} 42. Bc5+ {[%clk 00:36:11]} {[%emt 00:05:58]} Kg7
{[%clk 00:28:58]} {[%emt 00:00:43]} 43. Qb8 {[%clk 00:35:55]} {[%emt 00:00:48]}
1-0

[Event "DEM U14 2025"]
[Site "Willingen GER"]
[Date "2025.06.11"]
[Round "5"]
[White "Wartenberg, Alexander"]
[Black "Savchuk, Alexander"]
[Result "0-1"]
[Termination "normal"]
[Board "18"]
[WhiteElo "1840"]
[BlackElo "1935"]
[WhiteClock "00:14:04"]
[BlackClock "00:10:34"]
[PlyCount "124"]
[WhiteFideId "16280768"]
[BlackFideId "34617434"]
[EventCountry "GER"]
[EventRounds "9"]
[EventType "swiss"]
[EventDate "2025.06.07"]

1. e4 {[%clk 01:30:58]} {[%emt 00:00:02]} c5 {[%clk 01:30:56]} {[%emt
00:00:05]} 2. Nf3 {[%clk 01:31:20]} {[%emt 00:00:08]} d6 {[%clk 01:31:19]}
{[%emt 00:00:06]} 3. Bb5+ {[%clk 01:31:40]} {[%emt 00:00:10]} Bd7 {[%clk
01:31:41]} {[%emt 00:00:08]} 4. c4 {[%clk 01:32:05]} {[%emt 00:00:04]} Nf6
{[%clk 01:31:57]} {[%emt 00:00:13]} 5. Nc3 {[%clk 01:32:27]} {[%emt 00:00:08]}
g6 {[%clk 01:32:11]} {[%emt 00:00:16]} 6. d4 {[%clk 01:31:59]} {[%emt
00:00:58]} cxd4 {[%clk 01:32:33]} {[%emt 00:00:09]} 7. Nxd4 {[%clk 01:32:03]}
{[%emt 00:00:25]} Bg7 {[%clk 01:32:51]} {[%emt 00:00:12]} 8. Be3 {[%clk
01:29:30]} {[%emt 00:03:04]} O-O {[%clk 01:33:07]} {[%emt 00:00:14]} 9. h3
{[%clk 01:28:52]} {[%emt 00:01:07]} a6 {[%clk 01:33:25]} {[%emt 00:00:12]} 10.
Ba4 {[%clk 01:23:42]} {[%emt 00:05:40]} Qa5 {[%clk 01:18:03]} {[%emt 00:15:51]}
11. f3 {[%clk 01:19:43]} {[%emt 00:04:30]} Rc8 {[%clk 01:09:35]} {[%emt
00:08:57]} 12. Qb3 {[%clk 01:10:00]} {[%emt 00:10:13]} Bxa4 {[%clk 00:45:06]}
{[%emt 00:25:00]} 13. Qxa4 {[%clk 01:09:40]} {[%emt 00:00:51]} Qxa4 {[%clk
00:42:14]} {[%emt 00:03:22]} 14. Nxa4 {[%clk 01:10:03]} {[%emt 00:00:07]} Nfd7
{[%clk 00:39:11]} {[%emt 00:03:32]} 15. b3 {[%clk 01:04:51]} {[%emt 00:05:42]}
b5 {[%clk 00:35:41]} {[%emt 00:03:59]} 16. Nb2 {[%clk 01:03:19]} {[%emt
00:02:02]} Nc6 {[%emt 00:05:32]} 17. Rd1 {[%clk 00:59:25]} Nb6 {[%clk
00:33:48]} {[%emt 00:01:45]} 18. cxb5 {[%clk 00:44:32]} {[%emt 00:15:23]} Nxd4
{[%clk 00:27:05]} {[%emt 00:07:12]} 19. Bxd4 {[%clk 00:44:26]} {[%emt
00:00:37]} Bxd4 {[%clk 00:26:37]} {[%emt 00:00:59]} 20. Rxd4 {[%clk 00:44:49]}
{[%emt 00:00:06]} axb5 {[%clk 00:26:59]} {[%emt 00:00:07]} 21. a4 {[%clk
00:40:29]} {[%emt 00:04:51]} bxa4 {[%clk 00:26:30]} {[%emt 00:01:00]} 22. bxa4
{[%clk 00:38:48]} {[%emt 00:02:10]} Rc1+ {[%clk 00:18:05]} {[%emt 00:08:54]}
23. Rd1 {[%clk 00:37:37]} {[%emt 00:01:42]} Rxd1+ {[%clk 00:18:09]} {[%emt
00:00:26]} 24. Nxd1 {[%clk 00:37:51]} {[%emt 00:00:16]} Rxa4 {[%clk 00:18:31]}
{[%emt 00:00:08]} 25. O-O {[%clk 00:37:45]} {[%emt 00:00:35]} Ra1 {[%clk
00:18:14]} {[%emt 00:00:47]} 26. Ne3 {[%clk 00:36:42]} {[%emt 00:01:32]} Rxf1+
{[%clk 00:18:39]} {[%emt 00:00:05]} 27. Kxf1 {[%clk 00:37:09]} {[%emt
00:00:04]} Kg7 {[%clk 00:18:38]} {[%emt 00:00:31]} 28. Ke2 {[%clk 00:37:26]}
{[%emt 00:00:13]} Kf6 {[%clk 00:18:38]} {[%emt 00:00:30]} 29. g3 {[%clk
00:35:23]} {[%emt 00:02:33]} h5 {[%clk 00:16:20]} {[%emt 00:02:47]} 30. Kd3
{[%clk 00:33:33]} {[%emt 00:02:20]} e6 {[%clk 00:12:40]} {[%emt 00:04:11]} 31.
Kd4 {[%clk 00:30:29]} {[%emt 00:03:34]} e5+ {[%clk 00:08:00]} {[%emt 00:05:09]}
32. Kd3 {[%clk 00:30:20]} {[%emt 00:00:39]} Ke6 {[%clk 00:08:02]} {[%emt
00:00:28]} 33. Nc2 {[%clk 00:25:48]} {[%emt 00:05:03]} d5 {[%clk 00:07:00]}
{[%emt 00:01:32]} 34. exd5+ {[%clk 00:21:34]} {[%emt 00:04:43]} Nxd5 {[%clk
00:07:25]} {[%emt 00:00:05]} 35. h4 {[%clk 00:12:22]} {[%emt 00:09:42]} Kf5
{[%clk 00:01:27]} {[%emt 00:06:28]} 36. Kc4 {[%clk 00:08:04]} {[%emt 00:04:48]}
Ke6 {[%clk 00:01:32]} {[%emt 00:00:24]} 37. Kd3 {[%clk 00:08:17]} {[%emt
00:00:17]} f6 {[%clk 00:01:48]} {[%emt 00:00:15]} 38. Ne1 {[%clk 00:08:11]}
{[%emt 00:00:36]} Kf5 {[%clk 00:01:38]} {[%emt 00:00:40]} 39. Ng2 {[%clk
00:07:48]} {[%emt 00:00:53]} Nb4+ {[%clk 00:01:32]} {[%emt 00:00:36]} 40. Kc3
{[%clk 00:06:57]} {[%emt 00:01:21]} Nd5+ {[%clk 00:01:22]} {[%emt 00:00:39]}
41. Kd3 {[%clk 00:07:18]} {[%emt 00:00:09]} g5 {[%clk 00:25:58]} {[%emt
00:05:54]} 42. Kc4 {[%clk 00:33:52]} {[%emt 00:03:57]} Ne7 {[%clk 00:21:57]}
{[%emt 00:04:30]} 43. Kd3 {[%clk 00:26:22]} {[%emt 00:08:00]} Ke6 {[%clk
00:15:03]} {[%emt 00:07:25]} 44. Ke4 {[%clk 00:22:10]} {[%emt 00:04:42]} Nf5
{[%clk 00:14:30]} {[%emt 00:01:03]} 45. g4 {[%clk 00:18:55]} {[%emt 00:03:45]}
hxg4 {[%clk 00:13:14]} {[%emt 00:01:44]} 46. fxg4 {[%clk 00:19:01]} {[%emt
00:00:25]} Nxh4 {[%clk 00:13:36]} {[%emt 00:00:08]} 47. Ne3 {[%clk 00:19:05]}
{[%emt 00:00:26]} Ng6 {[%clk 00:12:16]} {[%emt 00:01:49]} 48. Nd5 {[%clk
00:17:51]} {[%emt 00:01:44]} Ne7 {[%clk 00:11:54]} {[%emt 00:00:52]} 49. Nc7+
{[%clk 00:18:04]} {[%emt 00:00:17]} Kd7 {[%clk 00:12:19]} {[%emt 00:00:05]} 50.
Nb5 {[%clk 00:17:48]} {[%emt 00:00:47]} Nc8 {[%clk 00:12:19]} {[%emt 00:00:30]}
51. Kd5 {[%clk 00:14:13]} {[%emt 00:04:05]} Nb6+ {[%clk 00:11:41]} {[%emt
00:01:07]} 52. Ke4 {[%clk 00:14:11]} {[%emt 00:00:32]} Nc4 {[%clk 00:11:17]}
{[%emt 00:00:54]} 53. Kf5 {[%clk 00:12:29]} {[%emt 00:02:13]} Nd6+ {[%clk
00:11:17]} {[%emt 00:00:30]} 54. Kxf6 {[%clk 00:12:21]} {[%emt 00:00:37]} Nxb5
{[%clk 00:11:01]} {[%emt 00:00:46]} 55. Kxe5 {[%clk 00:12:39]} {[%emt
00:00:11]} Nc7 {[%clk 00:10:32]} {[%emt 00:00:59]} 56. Kf6 {[%clk 00:12:48]}
{[%emt 00:00:20]} Ne6 {[%clk 00:10:56]} {[%emt 00:00:07]} 57. Kf7 {[%clk
00:13:02]} {[%emt 00:00:17]} Kd6 {[%clk 00:11:19]} {[%emt 00:00:06]} 58. Kf6
{[%clk 00:13:17]} {[%emt 00:00:15]} Kd5 {[%clk 00:11:43]} {[%emt 00:00:06]} 59.
Kf5 {[%clk 00:13:33]} {[%emt 00:00:14]} Kd6 {[%clk 00:11:04]} {[%emt 00:01:09]}
60. Kf6 {[%clk 00:13:58]} {[%emt 00:00:05]} Kd7 {[%clk 00:11:21]} {[%emt
00:00:13]} 61. Kf7 {[%clk 00:14:19]} {[%emt 00:00:09]} Nd4 {[%clk 00:10:16]}
{[%emt 00:01:35]} 62. Kf6 {[%clk 00:14:04]} {[%emt 00:00:44]} Nf3 {[%clk
00:10:34]} {[%emt 00:00:13]} 0-1

[Event "DEM U14 2025"]
[Site "Willingen GER"]
[Date "2025.06.11"]
[Round "5"]
[White "Park, Manuel"]
[Black "Kovalskyy, Alicia"]
[Result "1/2-1/2"]
[Termination "normal"]
[Board "19"]
[WhiteElo "1828"]
[BlackElo "1924"]
[WhiteClock "00:34:32"]
[BlackClock "00:03:12"]
[PlyCount "89"]
[WhiteFideId "34629114"]
[BlackFideId "34612130"]
[EventCountry "GER"]
[EventRounds "9"]
[EventType "swiss"]
[EventDate "2025.06.07"]

1. e4 {[%clk 01:30:57]} {[%emt 00:00:02]} c5 {[%clk 01:30:49]} {[%emt
00:00:11]} 2. c4 {[%clk 01:31:16]} {[%emt 00:00:12]} Nc6 {[%clk 01:30:31]}
{[%emt 00:00:48]} 3. Ne2 {[%clk 01:31:36]} {[%emt 00:00:08]} e5 {[%clk
01:29:22]} {[%emt 00:01:40]} 4. g3 {[%clk 01:31:34]} {[%emt 00:00:33]} g6
{[%clk 01:29:38]} {[%emt 00:00:13]} 5. Bg2 {[%clk 01:31:51]} {[%emt 00:00:13]}
Bg7 {[%clk 01:29:42]} {[%emt 00:00:27]} 6. Nbc3 {[%clk 01:31:58]} {[%emt
00:00:23]} Nge7 {[%clk 01:27:20]} {[%emt 00:02:52]} 7. d3 {[%clk 01:31:27]}
{[%emt 00:01:01]} d6 {[%clk 01:27:34]} {[%emt 00:00:16]} 8. O-O {[%clk
01:31:48]} {[%emt 00:00:09]} Be6 {[%clk 01:27:09]} {[%emt 00:00:55]} 9. a3
{[%clk 01:31:22]} {[%emt 00:00:57]} Qd7 {[%clk 01:21:38]} {[%emt 00:06:00]} 10.
Be3 {[%clk 01:27:56]} {[%emt 00:03:56]} f5 {[%clk 01:11:08]} {[%emt 00:11:00]}
11. f4 {[%clk 01:27:49]} {[%emt 00:00:37]} fxe4 {[%clk 01:05:38]} {[%emt
00:06:00]} 12. Nxe4 {[%clk 01:26:16]} {[%emt 00:02:04]} Nf5 {[%clk 01:01:59]}
{[%emt 00:04:08]} 13. Bf2 {[%clk 01:15:56]} {[%emt 00:10:50]} O-O {[%clk
00:51:37]} {[%emt 00:10:52]} 14. Rb1 {[%clk 01:16:01]} {[%emt 00:00:25]} Nfd4
{[%clk 00:47:09]} {[%emt 00:04:58]} 15. Nxd4 {[%clk 01:13:21]} {[%emt
00:03:11]} Nxd4 {[%clk 00:45:33]} {[%emt 00:02:05]} 16. Bxd4 {[%clk 01:13:33]}
{[%emt 00:00:18]} exd4 {[%clk 00:45:16]} {[%emt 00:00:47]} 17. b4 {[%clk
01:12:20]} {[%emt 00:01:42]} b6 {[%clk 00:33:41]} {[%emt 00:12:05]} 18. Ng5
{[%clk 01:09:18]} {[%emt 00:03:33]} Bg4 {[%clk 00:33:51]} {[%emt 00:00:20]} 19.
Bd5+ {[%clk 01:09:13]} {[%emt 00:00:35]} Kh8 {[%clk 00:33:53]} {[%emt
00:00:28]} 20. Qd2 {[%clk 01:09:13]} {[%emt 00:00:29]} Rab8 {[%clk 00:31:17]}
{[%emt 00:03:08]} 21. Rbe1 {[%clk 01:06:16]} {[%emt 00:03:27]} h6 {[%clk
00:28:50]} {[%emt 00:02:57]} 22. Nf3 {[%clk 01:04:01]} {[%emt 00:02:45]} a6
{[%clk 00:22:08]} {[%emt 00:07:12]} 23. Nh4 {[%clk 00:52:26]} {[%emt 00:12:05]}
Kh7 {[%clk 00:18:29]} {[%emt 00:04:09]} 24. Be4 {[%clk 00:52:44]} {[%emt
00:00:11]} Rf6 {[%clk 00:15:45]} {[%emt 00:03:15]} 25. Ra1 {[%clk 00:51:31]}
{[%emt 00:01:42]} b5 {[%clk 00:14:28]} {[%emt 00:01:47]} 26. Rfb1 {[%clk
00:49:29]} {[%emt 00:02:32]} Re8 {[%clk 00:12:32]} {[%emt 00:02:26]} 27. Re1
{[%clk 00:47:34]} {[%emt 00:02:24]} Rc8 {[%clk 00:05:41]} {[%emt 00:07:21]} 28.
Rac1 {[%clk 00:45:52]} {[%emt 00:02:13]} Qf7 {[%clk 00:05:23]} {[%emt
00:00:48]} 29. Qg2 {[%clk 00:44:56]} {[%emt 00:01:24]} Kh8 {[%clk 00:04:19]}
{[%emt 00:01:36]} 30. Bd5 {[%clk 00:43:23]} {[%emt 00:02:03]} Be6 {[%clk
00:04:04]} {[%emt 00:00:44]} 31. Qe4 {[%clk 00:40:04]} {[%emt 00:03:49]} Bxd5
{[%clk 00:03:47]} {[%emt 00:00:48]} 32. cxd5 {[%clk 00:40:13]} {[%emt
00:00:21]} g5 {[%clk 00:03:23]} {[%emt 00:00:54]} 33. Ng2 {[%clk 00:40:05]}
{[%emt 00:00:36]} c4 {[%clk 00:01:38]} {[%emt 00:02:16]} 34. fxg5 {[%clk
00:33:56]} {[%emt 00:06:39]} hxg5 {[%clk 00:02:07]} {[%emt 00:00:01]} 35. Qg4
{[%clk 00:33:51]} {[%emt 00:00:35]} Rf5 {[%clk 00:01:14]} {[%emt 00:01:24]} 36.
Rf1 {[%clk 00:25:12]} {[%emt 00:09:08]} Rf8 {[%clk 00:01:40]} {[%emt 00:00:04]}
37. Rxf5 {[%clk 00:15:47]} {[%emt 00:09:55]} Qxf5 {[%clk 00:02:08]} {[%emt
00:00:03]} 38. Qxf5 {[%clk 00:16:05]} {[%emt 00:00:12]} Rxf5 {[%clk 00:02:34]}
{[%emt 00:00:04]} 39. dxc4 {[%clk 00:16:20]} {[%emt 00:00:15]} bxc4 {[%clk
00:03:00]} {[%emt 00:00:04]} 40. Rxc4 {[%clk 00:16:43]} {[%emt 00:00:06]} d3
{[%clk 00:01:45]} {[%emt 00:01:44]} 41. Ne3 {[%clk 00:11:05]} {[%emt 00:06:06]}
d2 {[%clk 00:28:51]} {[%emt 00:03:26]} 42. Re4 {[%clk 00:37:23]} {[%emt
00:04:12]} g4 {[%clk 00:06:29]} {[%emt 00:22:51]} 43. Nd1 {[%clk 00:36:56]}
{[%emt 00:00:58]} Rf3 {[%clk 00:05:10]} {[%emt 00:01:49]} 44. Rxg4 {[%clk
00:36:16]} {[%emt 00:01:11]} Bh6 {[%clk 00:03:12]} {[%emt 00:02:28]} 45. Re4
{[%clk 00:34:32]} {[%emt 00:02:13]} 1/2-1/2

[Event "DEM U14 2025"]
[Site "Willingen GER"]
[Date "2025.06.11"]
[Round "5"]
[White "Lanert, Theodor"]
[Black "Leonhardt, Max"]
[Result "1/2-1/2"]
[Termination "normal"]
[Board "20"]
[WhiteElo "1793"]
[BlackElo "1785"]
[WhiteClock "00:11:10"]
[BlackClock "01:13:40"]
[PlyCount "87"]
[WhiteFideId "34605576"]
[BlackFideId "34623647"]
[EventCountry "GER"]
[EventRounds "9"]
[EventType "swiss"]
[EventDate "2025.06.07"]

1. e4 {[%clk 01:30:49]} {[%emt 00:00:10]} c5 {[%clk 01:30:29]} {[%emt
00:00:31]} 2. Nf3 {[%clk 01:31:04]} {[%emt 00:00:15]} e6 {[%clk 01:30:31]}
{[%emt 00:00:28]} 3. d4 {[%clk 01:31:19]} {[%emt 00:00:14]} cxd4 {[%clk
01:30:31]} {[%emt 00:00:30]} 4. Nxd4 {[%clk 01:31:42]} {[%emt 00:00:08]} Nc6
{[%clk 01:30:29]} {[%emt 00:00:33]} 5. Nc3 {[%clk 01:32:03]} {[%emt 00:00:07]}
Qc7 {[%clk 01:30:29]} {[%emt 00:00:32]} 6. Ncb5 {[%clk 01:32:21]} {[%emt
00:00:12]} Qb8 {[%clk 01:30:25]} {[%emt 00:00:34]} 7. Bd3 {[%clk 01:32:38]}
{[%emt 00:00:13]} a6 {[%clk 01:30:12]} {[%emt 00:00:43]} 8. Nxc6 {[%clk
01:32:52]} {[%emt 00:00:16]} bxc6 {[%clk 01:30:22]} {[%emt 00:00:20]} 9. Nd4
{[%clk 01:33:12]} {[%emt 00:00:09]} Qc7 {[%clk 01:30:09]} {[%emt 00:00:42]} 10.
O-O {[%clk 01:16:47]} {[%emt 00:16:56]} Be7 {[%clk 01:29:58]} {[%emt 00:00:40]}
11. Be3 {[%clk 01:15:12]} {[%emt 00:02:06]} Nf6 {[%clk 01:29:43]} {[%emt
00:00:46]} 12. c4 {[%clk 01:11:18]} {[%emt 00:04:25]} O-O {[%clk 01:28:45]}
{[%emt 00:01:27]} 13. h3 {[%clk 01:09:16]} {[%emt 00:02:33]} Bb7 {[%clk
01:26:39]} {[%emt 00:02:36]} 14. Qc2 {[%clk 01:04:44]} {[%emt 00:05:01]} Rac8
{[%clk 01:24:09]} {[%emt 00:02:59]} 15. Rac1 {[%clk 01:03:43]} {[%emt
00:01:32]} Qb8 {[%clk 01:21:45]} {[%emt 00:02:55]} 16. f4 {[%clk 01:01:52]}
{[%emt 00:02:21]} d6 {[%clk 01:21:19]} {[%emt 00:00:56]} 17. Nf3 {[%clk
00:54:27]} {[%emt 00:07:54]} e5 {[%clk 01:20:21]} {[%emt 00:01:28]} 18. fxe5
{[%clk 00:46:53]} {[%emt 00:08:04]} dxe5 {[%clk 01:20:42]} {[%emt 00:00:09]}
19. Qc3 {[%clk 00:43:09]} {[%emt 00:04:15]} Bd6 {[%clk 01:18:45]} {[%emt
00:02:27]} 20. c5 {[%clk 00:37:24]} {[%emt 00:06:15]} Bc7 {[%clk 01:19:09]}
{[%emt 00:00:05]} 21. b4 {[%clk 00:36:11]} {[%emt 00:01:43]} Rfd8 {[%clk
01:16:12]} {[%emt 00:03:27]} 22. Rf2 {[%clk 00:33:52]} {[%emt 00:02:49]} Rd7
{[%clk 01:14:04]} {[%emt 00:02:38]} 23. Rd2 {[%clk 00:33:44]} {[%emt 00:00:39]}
Rcd8 {[%clk 01:14:08]} {[%emt 00:00:26]} 24. Rcd1 {[%clk 00:34:08]} {[%emt
00:00:05]} Ne8 {[%clk 01:13:14]} {[%emt 00:01:24]} 25. Bc2 {[%clk 00:32:39]}
{[%emt 00:02:00]} Bc8 {[%clk 01:12:15]} {[%emt 00:01:28]} 26. Kf2 {[%clk
00:29:14]} {[%emt 00:03:55]} Rxd2+ {[%clk 01:11:42]} 27. Rxd2 {[%clk 00:29:39]}
{[%emt 00:01:08]} Be6 {[%clk 01:11:33]} {[%emt 00:00:38]} 28. a3 {[%clk
00:28:33]} {[%emt 00:01:36]} Rxd2+ {[%clk 01:10:24]} {[%emt 00:01:38]} 29. Bxd2
{[%clk 00:28:12]} {[%emt 00:00:52]} f6 {[%clk 01:10:20]} {[%emt 00:00:34]} 30.
Qd3 {[%clk 00:26:11]} {[%emt 00:02:31]} a5 {[%clk 01:05:26]} {[%emt 00:05:24]}
31. bxa5 {[%clk 00:21:49]} {[%emt 00:04:54]} Qa7 {[%clk 01:04:35]} {[%emt
00:01:20]} 32. Qc3 {[%clk 00:20:08]} {[%emt 00:02:11]} Nd6 {[%clk 01:03:54]}
{[%emt 00:01:10]} 33. Ke2 {[%clk 00:09:35]} {[%emt 00:11:03]} Nb7 {[%clk
01:02:54]} {[%emt 00:01:31]} 34. Bb3 {[%clk 00:06:56]} {[%emt 00:03:09]} Bxb3
{[%clk 01:02:18]} {[%emt 00:01:06]} 35. Qxb3+ {[%clk 00:07:25]} {[%emt
00:00:02]} Kf8 {[%clk 01:02:39]} {[%emt 00:00:09]} 36. Qe6 {[%clk 00:03:24]}
{[%emt 00:04:31]} Qa6+ {[%clk 00:59:24]} {[%emt 00:03:46]} 37. Kf2 {[%clk
00:03:03]} {[%emt 00:00:50]} Nd8 {[%clk 00:55:42]} {[%emt 00:04:12]} 38. Qd7
{[%clk 00:02:47]} {[%emt 00:00:46]} Bxa5 {[%clk 00:55:51]} {[%emt 00:00:20]}
39. Bb4 {[%clk 00:02:00]} {[%emt 00:01:17]} Bxb4 {[%clk 00:54:34]} {[%emt
00:01:47]} 40. axb4 {[%clk 00:02:26]} {[%emt 00:00:04]} Nf7 {[%clk 00:54:32]}
{[%emt 00:00:31]} 41. Qe6 {[%clk 00:26:25]} {[%emt 00:06:31]} Qb7 {[%clk
01:17:53]} {[%emt 00:07:09]} 42. Qc4 {[%clk 00:25:28]} {[%emt 00:01:26]} g6
{[%clk 01:16:13]} {[%emt 00:02:11]} 43. g4 {[%clk 00:13:09]} {[%emt 00:12:49]}
Ke7 {[%clk 01:13:40]} {[%emt 00:03:02]} 44. Ke3 {[%clk 00:11:10]} {[%emt
00:02:30]} 1/2-1/2